Statistics for 5 Countries with the Most Mcdonald's by Continent

Click here to take the quiz!

General Stats

  • This quiz has been taken 67 times
  • The average score is 25 of 27

Answer Stats

Continent#Country% Correct
Oceania1,000Australia
100%
North America1,400Canada
100%
Asia3,500China
100%
North America402Mexico
100%
Europe1,300United Kingdom
100%
North America13,515United States
100%
South America1,031Brazil
98%
Europe1,500France
98%
Europe1,438Germany
98%
Asia2,900Japan
98%
Oceania166New Zealand
98%
Africa275South Africa
98%
South America222Argentina
97%
Europe670Italy
97%
Europe550Spain
97%
South America91Chile
95%
South America185Colombia
95%
Africa114Egypt
95%
Asia480India
95%
North America57Panama
92%
South America133Venezuela
92%
Africa58Morocco
91%
Asia447South Korea
91%
Oceania4Fiji
89%
North America95Guatemala
89%
Asia700Philippines
77%
Africa14Mauritius
36%

Score Distribution

Percentile by Number Answered

Percent of People with Each Score

Your Score History

You have not taken this quiz